Statystyki dla Nauka_angielskiego_04

Kliknij tutaj aby rozwiązać quiz!

Ogólne statystyki

  • Ten quiz został rozwiązany 9 754 razy
  • Średni wynik to 12 z 22

Statystyki odpowiedzi

HintOdpowiedź% Poprawnych
jabłkoapple
100%
bananbanana
97%
wodawater
93%
pomarańczaorange
91%
truskawkastrawberry
91%
wiśniacherry
87%
kanapkasandwich
84%
morzesea
82%
umieraćdie
74%
łyżkaspoon
57%
kłamcalier
55%
szachychess
54%
prawniklawyer
53%
widelecfork
46%
pragnienie (chce się pić)thirst
36%
suszonydried
23%
farbowaćdye
23%
latawieckite
20%
żurawinacranberry
19%
dłońpalm
14%
warcabycheckers
7%
borówkahuckleberry
3%

Rozkład punktacji

Percentyl według liczby udzielonych odpowiedzi

Procent ludzi z każdym wynikiem

Twoja historia wyników

Nie rozwiązałeś tego quizu